[Event "Frankfurt-chB"]
[Site "Frankfurt"]
[Date "2018.06.11"]
[Round "6"]
[White "Schaefer, Dieter"]
[Black "Von Borstel, Torben"]
[Result "0-1"]
[WhiteElo "1283"]
[BlackElo "1151"]
[PlyCount "90"]
[EventDate "2018.04.30"]
[EventType "swiss"]
[EventRounds "7"]
[EventCountry "GER"]
[SourceTitle "EXT 2019"]
[Source "ChessBase"]
[SourceDate "2018.10.10"]
[SourceVersion "1"]
[SourceVersionDate "2018.10.10"]
[SourceQuality "1"]

1. e4 e5 2. Nf3 Nc6 3. Bb5 a6 4. Bxc6 dxc6 5. 0-0 Bd6 6. d4 exd4 7. Nxd4 Ne7 8. Nd2 0-0 9. N2f3 c5 10. Ne2 Ng6 11. Ng3 Re8 12. Re1 b6 13. b3 Qf6 14. Rb1 Bb7 15. Bb2 Qd8 16. c4 Bxg3 17. Qxd8 Bxf2+ 18. Kxf2 Raxd8 19. e5 Bxf3 20. Kxf3 Rd2 21. Re2 Rxe2 22. Kxe2 Nxe5 23. Bxe5 Rxe5+ 24. Kf2 Kf8 25. Rd1 Ke7 26. Rd3 Re4 27. Rg3 Kf8 28. Rh3 h6 29. Rd3 Rd4 30. Rxd4 cxd4 31. Ke2 c5 32. h4 h5 33. g3 Ke7 34. Kf3 b5 35. Ke4 Ke6 36. Kf4 f6 37. Ke4 g5 38. hxg5 fxg5 39. Kf3 Ke5 40. cxb5 axb5 41. a4 c4 42. a5 cxb3 43. a6 b2 44. a7 b1Q 45. a8Q Qh1+ 0-1